Etiqueta de registo: 00254nam 2200025 450
001 2285257
003 http://id.bnportugal.gov.pt/bib/catbnp/2285257
010 ## $a978-989-679-974-8
021 ## $aPT$b506432/22
100 ## $a20260427d2023 c y0pory01030103ba
101 1# $apor
102 ## $aPT
105 ## $aa z 000fy
106 ## $ar
200 1# $aFolhas$ftexto e il. Stephen Hogtun$gtrad. Carina Mariais
205 ## $a1ª ed
210 #9 $aLisboa$cEdicare,$d2023
215 ## $a[31] p.$cil.$d29 cm
675 ## $a087.5$vBN$zpor$3287999
675 ## $a821.113.5-93"20"$vBN$zpor$31524188
700 #1 $aHogtun,$bStephen$31996913
702 #1 $aMariais,$bCarina$4730$31905958
801 #0 $aPT$bBN$gRPC
856 41 $uhttp://rnod.bnportugal.gov.pt/ImagesBN/winlibimg.aspx?skey=&doc=2285257&img=222790&save=true
966 ## $lBN$mFGMON$sP. 72832 V.$x1
966 ## $lBN$mFGMON$sP. 72832 V.-D$x1
971 ## $corlando$d20260427
973 ## $caalmeid$d20260528